Κοινωνικές διαστάσεις των πολιτικών στην ανώτατη εκπαίδευση : συγκριτική και διεθνής προσέγγιση
Αποθηκεύτηκε σε:
| Συγγραφή απο Οργανισμό/Αρχή: | |
|---|---|
| Άλλοι συγγραφείς: | |
| Μορφή: | Βιβλίο |
| Γλώσσα: | Greek |
| Δημοσίευση: |
Αθήνα :
Διόνικος,
2011.
|
| Θέματα: | |
| Ετικέτες: |
Προσθήκη ετικέτας
Δεν υπάρχουν, Καταχωρήστε ετικέτα πρώτοι!
|
MARC
| LEADER | 00000cam a2200000 i 4500 | ||
|---|---|---|---|
| 001 | 1/47728 | ||
| 008 | 140521s2011 gr | ||| |||| ||gre|| | ||
| 020 | |a 9789606619632 | ||
| 035 | |l 10117707 | ||
| 040 | |a GR-MY-UA |b gre |e aacr | ||
| 041 | 0 | |a gre | |
| 082 | 7 | |a 378 |2 (23) | |
| 245 | 0 | 0 | |a Κοινωνικές διαστάσεις των πολιτικών στην ανώτατη εκπαίδευση : |b συγκριτική και διεθνής προσέγγιση / |c επιμέλεια: Ελένη Πρόκου ; Επιστημονική Εταιρεία Κοινωνικής Πολιτικής. |
| 260 | |a Αθήνα : |b Διόνικος, |c 2011. | ||
| 300 | |a 189 σ. ; |c 24 εκ. | ||
| 504 | |a Περιλαμβάνει βιβλιογραφικές παραπομπές. | ||
| 650 | 0 | 0 | |a Higher education and state. |
| 650 | 0 | 0 | |a Higher education and state |z European Union countries. |
| 650 | 0 | 0 | |a Education, Higher |x Political aspects. |
| 650 | 0 | 0 | |a Education, Higher |x Aims and objectives |x Cross-cultural studies. |
| 650 | 0 | 0 | |a Education, Higher |x Social aspects. |
| 700 | 1 | |a Πρόκου, Ελένη, |e edtf | |
| 710 | 2 | |a Επιστημονική Εταιρεία Κοινωνικής Πολιτικής. | |
| 852 | |a INST |b RHODES |c EUDOXUS |e 20140521 |h 378 ΚΟΙ |p 005400036523 |q 005400036523 |t EDX |y 0 | ||
| 852 | |a INST |b RHODES |c EUDOXUS |e 20140521 |h 378 ΚΟΙ |p 005400036524 |q 005400036524 |t EDX |y 0 | ||
| 901 | |a BIBL4-2014-2 | ||
| 909 | |a Ρ |b 183025 | ||
| 909 | |a Ρ |b 183026 | ||
| 920 | |a ΕΥΔΟΞΟΣ |b ΠΑΡΑΓΓΕΛΙΑ |y Ρόδος-ΤΕΠΑΕΣ |z 2014-05 | ||
| 922 | |a 4ΕΛΗ | ||
| 970 | |z 2014/05/21 | ||